000 01180nam a2200301 a 4500
001 ebr10475812
003 CaPaEBR
006 m u
007 cr cn|||||||||
008 110621r19901978enk sb 001 0 eng d
020 _z0946439192
020 _z9780946439195
020 _z9781849400916 (e-book)
040 _aCaPaEBR
_cCaPaEBR
035 _a(OCoLC)742513252
050 1 4 _aBF173
_b.F67 1990eb
100 1 _aFordham, Michael.
245 1 0 _aJungian psychotherapy
_h[electronic resource] :
_ba study in analytical psychology /
_cMichael Fordham.
260 _aLondon :
_bMaresfield Library,
_c1990.
300 _avi, 185 p.
500 _aOriginally published : John Wiley & Sons Ltd., 1978.
504 _aIncludes bibliographical references and index.
533 _aElectronic reproduction.
_bPalo Alto, Calif. :
_cebrary,
_d2011.
_nAvailable via World Wide Web.
_nAccess may be limited to ebrary affiliated libraries.
650 0 _aJungian psychology.
655 7 _aElectronic books.
_2local
710 2 _aebrary, Inc.
856 4 0 _uhttp://site.ebrary.com/lib/rucke/Doc?id=10475812
_zAn electronic book accessible through the World Wide Web; click to view
999 _c115669
_d115669